00852nam a2200181 a 4500001001000000005001700010008004100027020001500068050002700083245006800110260014500178300003200323500013000355504003400485650005600519650004900575650004600624BRCA_120020190320203326.0041108s2003 mx-a---###---#000-0#spa-# a9703504957 4aND1329.3.W6b.M66 200310aMonjas coronadasbvida conventual femenina en Hispanoamérica. aMéxicobCONACULTA-INAH : Museo Nacional del Virreinato : Ministerio de Cultura. República de Colombia : Museo Nacional de Colombiac2003 a177 p.bil. a colorc32 cm. aCatálogo de la exposición realizada en el Museo Nacional del Virreinato (Ciudad de México), noviembre 2003 - marzo 2004 aBibliografía : p. [185-187]14aMonjas coronadasxEn la pinturaySiglo XVII y XVIII14aPintura religiosaxBarrocozAmérica Latina14aVida social y religiosazAmérica Latina